|
|
|
|
| LEADER |
00852nam a2200229 u 4500 |
| 001 |
10078803 |
| 003 |
upatras |
| 005 |
20210117202051.0 |
| 008 |
090914s1955 f eng |
| 040 |
|
|
|a GR-PaULI
|c GR-PaULI
|
| 041 |
0 |
|
|a eng
|
| 082 |
1 |
4 |
|a 491.78
|2 22
|
| 100 |
1 |
|
|a Semeonoff, Anna Hering
|c 1883-
|9 79747
|
| 245 |
1 |
0 |
|a Key to a new russian grammar
|c by Anna H. Semeonoff
|
| 260 |
|
|
|a London
|b J. M. Dent & Sons
|c 1955
|
| 300 |
|
|
|a vii, 63 p.
|c 19 cm.
|
| 650 |
|
4 |
|a Ρωσική γλώσσα
|x Γραμματική
|9 42911
|
| 852 |
|
|
|a GR-PaULI
|b ΠΑΤΡΑ
|b ΦΙΛΟΛΟΓΙΑ
|k ΔΑΝΕΙΖ-6
|h 491.78 SEM
|m 008066
|p 025000194711
|t 1
|
| 942 |
|
|
|2 ddc
|
| 952 |
|
|
|0 0
|1 0
|4 0
|6 491_780000000000000_SEM
|7 0
|9 82032
|a LTRT
|b LTRT
|d 2016-04-24
|i 008066
|l 0
|o 491.78 SEM
|p 025000194711
|r 2016-04-24 00:00:00
|t 1
|w 2016-04-24
|
| 998 |
|
|
|c ELIDOC
|d 2009-09
|
| 999 |
|
|
|c 54626
|d 54626
|